Environmental aspects in the use of Rubber chemicals (Record no. 58654)

MARC details
000 -LEADER
fixed length control field 00409nam a2200157Ia 4500
100 ## - MAIN ENTRY--AUTHOR NAME
Personal name Davies K M
245 #0 - TITLE STATEMENT
Title Environmental aspects in the use of Rubber chemicals
260 ## - PUBLICATION, DISTRIBUTION, ETC. (IMPRINT)
Name of publisher Kautschuk Gummi Kunststoffe
Year of publication 1991
300 ## - PHYSICAL DESCRIPTION
Number of Pages 838-841
650 ## - SUBJECT ADDED ENTRY--TOPICAL TERM
Topical Term Rubber chemicals
650 ## - SUBJECT ADDED ENTRY--TOPICAL TERM
Topical Term Toxicity
650 ## - SUBJECT ADDED ENTRY--TOPICAL TERM
Topical Term Vulcanization
700 ## - ADDED ENTRY--PERSONAL NAME
Personal name Fitch A
942 ## - ADDED ENTRY ELEMENTS (KOHA)
Koha item type Journals
Holdings
Withdrawn status Lost status Damaged status Not for loan Home library Current library Date acquired Serial Enumeration / chronology Koha item type
      Journals RRII Library RRII Library 17/12/2021 Volume 44, Issue 9 Journals